000 00722nam a2200205 i 4500
001 10852
003 ES-MaACL
005 20251009174452.0
007 t|
008 951207s1994 xxu |||| | spa d
080 _a860-96"15"
100 1 _aMadrigal, José Luis.
_975363
245 1 0 _aEstudio y edición crítica del "Libro llamado Relox de príncipes" con el "Libro de Marco Aurelio" de Antonio de Guevara (volúmenes I-IV) /
_cJosé Luis Madrigal.
260 _aAnn Arbor, Michigan :
_bU.M.I.,
_c[1994]
300 _a3 v. ;
_c20 cm.
502 _aTesis Univ. The City University of New York.
700 0 _aGuevara, Antonio de,
_dca. 1480-1545
_960606
852 _aES-MaACL
_jL-18301-03
999 _c10852
_d10852